Noticias biográficas del Libertador D. José de San Martín. (Registro nro. 349)
[ vista simple ]
| 000 -LEADER | |
|---|---|
| campo de control de longitud fija | 00713nam a2200217Ia 4500 |
| 001 - NÚMERO DE CONTROL | |
| campo de control | 349 |
| 003 - IDENTIFICADOR DE NÚMERO DE CONTROL | |
| campo de control | AR-BaAGN |
| 005 - FECHA Y HORA DE LA ÚLTIMA TRANSACCIÓN | |
| campo de control | 20230920102411.0 |
| 007 - CAMPO FIJO DE DESCRIPCIÓN FÍSICA--INFORMACIÓN GENERAL | |
| campo de control de longitud fija | ta |
| 008 - DATOS DE LONGITUD FIJA--INFORMACIÓN GENERAL | |
| campo de control de longitud fija | 211206s9999 xx 000 0 spa d |
| 040 ## - FUENTE DE CATALOGACIÓN | |
| Centro catalogador/agencia de origen | AR-BaAGN |
| Lengua de catalogación | español |
| Normas de descripción | aacr |
| 942 ## - ELEMENTOS DE ENTRADA SECUNDARIOS (KOHA) | |
| Tipo de ítem Koha | Libro |
| Fuente del sistema de clasificación o colocación | Clasificación Decimal Dewey |
| 100 1# - ENTRADA PRINCIPAL--NOMBRE DE PERSONA | |
| Nombre de persona | Biedma, José Juan, |
| Fechas asociadas al nombre | 1864-1933 |
| ID autoridades | 5221 |
| 245 10 - MENCIÓN DEL TÍTULO | |
| Título | Noticias biográficas del Libertador D. José de San Martín. |
| 260 ## - PUBLICACIÓN, DISTRIBUCIÓN, ETC. | |
| Lugar de publicación, distribución, etc. | Buenos Aires : |
| Nombre del editor, distribuidor, etc. | [editor no identificado], |
| Fecha de publicación, distribución, etc. | 1918. |
| 300 ## - DESCRIPCIÓN FÍSICA | |
| Extensión | 1 volumen |
| 336 ## - TIPO DE CONTENIDO | |
| Fuente | rdacontent |
| Código de tipo de contenido | texto |
| 337 ## - TIPO DE MEDIO | |
| Fuente | rdamedia |
| Código del tipo de medio | no mediado |
| 338 ## - TIPO DE SOPORTE | |
| Fuente | rdacarrier |
| Código del tipo de soporte | volumen |
| 773 08 - ENCUADERNADO CON | |
| Biblionumber de la primera obra | 348 |
| Número de ítem | 27264 |
| Código de barra | JJB-694 |
| Título de la primera obra del volumen | Cosas de la época por Antonio Rial y José Rossi. |
| Número de orden | (Número 4 de 9 obras encuadernadas juntas) |
| Etiqueta | Encuadernado con: |
No hay ítems disponibles.
